Online
Catalog

Máximo Gómez : (Record no. 51757)

MARC details
000 -CABECERA
campo de control de longitud fija 02336nam a2200349 i 4500
001 - NÚMERO DE CONTROL
campo de control 000048406
003 - IDENTIFICADOR DEL NÚMERO DE CONTROL
campo de control DO-SdBNP
005 - FECHA Y HORA DE LA ÚLTIMA TRANSACCIÓN
campo de control 20250625142559.0
007 - CAMPO FIJO DE DESCRIPCIÓN FÍSICA--INFORMACIÓN GENERAL
campo de control de longitud fija ta
008 - DATOS DE LONGITUD FIJA--INFORMACIÓN GENERAL
campo de control de longitud fija 190304t2014 dr 000 e spa d
020 ## - NÚMERO INTERNACIONAL ESTÁNDAR DEL LIBRO
Número Internacional Estándar del Libro 9789945586169
040 ## - FUENTE DE LA CATALOGACIÓN
Centro catalogador/agencia de origen DO-SdBNP
Lengua de catalogación spa
Centro/agencia transcriptor BNPHU
Normas de descripción rda
041 ## - CÓDIGO DE LENGUA
Código de lengua del texto/banda sonora o título independiente spa
082 #4 - NÚMERO DE LA CLASIFICACIÓN DECIMAL DEWEY
Número de clasificación 923.5
Número de documento/Ítem C796m 2014
Número de edición 22
100 ## - ENTRADA PRINCIPAL--NOMBRE DE PERSONA
Nombre de persona Cordoví Núñez, Yoel
Término indicativo de función/relación autor
Código de función/relación aut.
9 (RLIN) 6654
245 10 - MENCIÓN DE TÍTULO
Título Máximo Gómez :
Resto del título utopía y realidad de una República /
Mención de responsabilidad, etc. Yoel Cordoví Núñez ; cuidado de edición, Yanelis González Leyva ; corrección, Carmen Romero Alemán
250 ## - MENCIÓN DE EDICIÓN
Mención de edición Segunda edición
264 #4 - PRODUCCIÓN, PUBLICACIÓN, DISTRIBUCIÓN, FABRICACIÓN Y COPYRIGHT
Producción, publicación, distribución, fabricación y copyright Santo Domingo :
Nombre del de productor, editor, distribuidor, fabricante Archivo General de la Nación
-- Editora Historia,
Fecha de producción, publicación, distribución, fabricación o copyright ©2014.
300 ## - DESCRIPCIÓN FÍSICA
Extensión 317 páginas ;
Dimensiones 23 cm.
336 ## - TIPO DE CONTENIDO
Término de tipo de contenido texto
Código de tipo de contenido txt
Fuente rdacontent
337 ## - TIPO DE MEDIO
Nombre/término del tipo de medio sin mediación
Código del tipo de medio n
Fuente rdamedia
338 ## - TIPO DE SOPORTE
Nombre/término del tipo de soporte volumen
Código del tipo de soporte nc
Fuente rdacarrier
490 ## - MENCIÓN DE SERIE
Mención de serie Colección Archivo General de la Nación ;
Designación de volumen o secuencia 225
500 ## - NOTA GENERAL
Nota general Incluye índice onomástico.
504 ## - NOTA DE BIBLIOGRAFÍA, ETC.
Nota de bibliografía, etc. Bibliografía : páginas 285 - 294.
505 ## - NOTA DE CONTENIDO CON FORMATO
Nota de contenido con formato Presentación a la edición dominicana, 7.-- Introducción, 9.-- Un hombre entre dos mundos, 13.-- Formación cultural, 13.-- La familia Gómez Báez, 18.-- Segundo momento transicional, 23.-- Primeros descubrimientos, 30.-- La personalidad de Máximo Gómez, 43.-- Principios éticos y humanismo, 52.-- La moral como fundamento del orden, 58.-- Antillanismo y justicia social, 63.-- Segunda etapa de descubrimientos, 73.-- Desde la emigración: reflexiones y aprendizaje, 73.-- Influencia del pensamiento martiano, 79.-- En el nuevo espacio latinoamericano, 90.-- Guayacanes: concepción de un enclave económico-político, 96.-- Frente al imperio, 109.-- Gómez y la política de Estados Unidos hacia Cuba, 109.-- ¿Pasividad o cautela? En torno a una polémica, 116.-- De la ocupación a la república. Gómez y los partidos políticos, 139.-- Primer momento de definición, 139.-- Segundo momento de definición, 152.-- Tercer momento de definición, 171.-- Conclusiones, 191.-- Apéndice, 195.-- Bibliografía, 285.-- Índice onomástico, 295.
590 ## - NOTA LOCAL (RLIN)
Nota local Inventariado, 2024 / MF
600 14 - PUNTO DE ACCESO ADICIONAL DE MATERIA--NOMBRE DE PERSONA
Nombre de persona Gómez, Máximo,
Fechas asociadas al nombre 1836-1905,
Subdivisión general Vida militar
9 (RLIN) 81639
700 1# - PUNTO DE ACCESO ADICIONAL--NOMBRE DE PERSONA
Nombre de persona González Leyva, Yanelis,
Término indicativo de función/relación editor
Código de función/relación ed.
9 (RLIN) 81640
700 1# - PUNTO DE ACCESO ADICIONAL--NOMBRE DE PERSONA
Nombre de persona Romero Alemán, Carmen,
Término indicativo de función/relación corrector
Código de función/relación corr.
9 (RLIN) 81642
942 ## - ELEMENTOS DE PUNTO DE ACCESO ADICIONAL (KOHA)
Fuente del sistema de clasificación o colocación Dewey Decimal Classification
Tipo de ítem Koha Libro
Holdings
Estado de retiro Estado de pérdida Fuente del sistema de clasificación o colocación Restricciones de uso No para préstamo Código de colección Localización permanente Ubicación/localización actual Ubicación en estantería Fecha de adquisición Total de préstamos Signatura topográfica completa Código de barras Fecha visto por última vez Precio válido a partir de Tipo de ítem Koha Fuente de adquisición Número de copia Nota pública
    Dewey Decimal Classification Excluido de préstamo   Patrimonio Dominicano Biblioteca Nacional Pedro Henríquez Ureña Biblioteca Nacional Pedro Henríquez Ureña En catalogación 30.11.2024   BNPHU PD 923.5 C796m 2014 2022-2199 18.05.2022 18.05.2022 Libro      
    Dewey Decimal Classification Excluido de préstamo   Patrimonio Dominicano Biblioteca Nacional Pedro Henríquez Ureña Biblioteca Nacional Pedro Henríquez Ureña En catalogación 12.04.2024   BNPHU PD 923.5 C796m 2014 2024-2137 12.04.2024 12.04.2024 Libro Donado por la Presidencia de la República Dominicana 2023. e.2 Perteneció a la biblioteca personal de Emilio Cordero Michel.
    Dewey Decimal Classification Préstamo en sala   Dominicana de Servicio Biblioteca Nacional Pedro Henríquez Ureña Biblioteca Nacional Pedro Henríquez Ureña En catalogación 25.06.2025   BNPHU DS 923.5 C796m 2014 2025-5623 25.06.2025 25.06.2025 Libro Donación e.3 Perteneció a la biblioteca personal de Mónica Despradel.

Powered by Koha